Puppy love / by Lisa Ann Marsoli ; based on the Scholastic book series "Clifford the big red dog" c. Norman Bridwell ; illustrated by Jim Durk.
When Clifford was a small puppy, he did not know what the word "love" meant. So, he decided to find out.
Record details
- ISBN: 9780439611169
- ISBN: 0439611164
- Physical Description: 24 unnumbered pages : color illustrations ; 21 cm.
- Publisher: New York : Scholastic, 2004.
Search for related items by subject
| Subject: | Dogs > Children's picture books. Love > Children's picture books. |
Search for related items by series
Available copies
- 1 of 1 copy available at scottsboropl.
Holds
- 0 current holds with 1 total copy.
Show Only Available Copies
| Location | Call Number / Copy Notes | Barcode | Shelving Location | Status | Due Date |
|---|---|---|---|---|---|
| scottsboropl | E Bri | 32269001131492 | Juvenile - Easy | Available | - |
| LDR | 01249cam a2200325Mi 4500 | ||
|---|---|---|---|
| 001 | 152342 | ||
| 003 | CONS | ||
| 005 | 20190916143106.0 | ||
| 008 | 050405s2004 nyua j 000 1 eng | ||
| 020 | . | ‡a9780439611169 ‡q(paperback) | |
| 020 | . | ‡a0439611164 ‡q(paperback) | |
| 035 | . | ‡a(CPomAG)LMN613922 | |
| 082 | 4. | ‡a[E] | |
| 100 | 1 | . | ‡aMarshall, Lisa Ann. |
| 245 | 1 | 0. | ‡aPuppy love / ‡cby Lisa Ann Marsoli ; based on the Scholastic book series "Clifford the big red dog" c. Norman Bridwell ; illustrated by Jim Durk. |
| 260 | . | ‡aNew York : ‡bScholastic, ‡c2004. | |
| 300 | . | ‡a24 unnumbered pages : ‡bcolor illustrations ; ‡c21 cm. | |
| 336 | . | ‡atext ‡btxt ‡2rdacontent | |
| 337 | . | ‡aunmediated ‡bn ‡2rdamedia | |
| 338 | . | ‡avolume ‡bnc ‡2rdacarrier | |
| 490 | 1 | . | ‡aClifford's puppy days |
| 520 | 0 | . | ‡aWhen Clifford was a small puppy, he did not know what the word "love" meant. So, he decided to find out. |
| 650 | 0. | ‡aDogs ‡vChildren's picture books. | |
| 650 | 0. | ‡aLove ‡vChildren's picture books. | |
| 700 | 1 | . | ‡aBridwell, Norman. |
| 700 | 1 | . | ‡aDurk, Jim. |
| 830 | 0. | ‡aClifford's puppy days. | |
| 914 | . | ‡aSCP_LP | |
| 959 | . | ‡i32269001131492 ‡lE Bri ‡aJuvenile - Easy ‡tPaperback ‡g10.00 | |
| 852 | . | ‡p32269001131492 ‡jE Bri ‡gJuvenile - Easy ‡cPaperback ‡y10.00 ‡bSBPL | |
| 901 | . | ‡a152342 ‡bUnknown ‡c152342 ‡tbiblio | |